[Event "Madrid-ch 2017-2018 - Previa A"]
[Site "Madrid ESP"]
[Date "2018.02.12"]
[Round "4.16"]
[White "Santamaria Baeza, Adolfo"]
[Black "De Dompablo Fantova, Juan"]
[Result "1-0"]
[WhiteElo "1846"]
[BlackElo "1688"]
[PlyCount "91"]
[EventDate "2018.02.05"]
[EventType "swiss"]
[EventRounds "9"]
[EventCountry "ESP"]
[SourceTitle "Ajedrez en Madrid"]
[Source "lmi"]
[SourceDate "2018.02.05"]

1. e4 g6 2. Nf3 d6 3. d4 Bg7 4. c3 Nf6 5. Bd3 O-O 6. O-O c5 7. d5 e6 8. Bg5 h6
9. Bh4 Qc7 10. Na3 exd5 11. exd5 Bg4 12. h3 Bxf3 13. Qxf3 Nbd7 14. Rfe1 Rfe8
15. Bb5 Rxe1+ 16. Rxe1 g5 17. Bg3 Ne5 18. Bxe5 dxe5 19. d6 Qxd6 20. Qxb7 Rd8
21. Nc4 Qb8 22. Qxb8 Rxb8 23. a4 Nd5 24. Nxe5 Nf4 25. Nc6 Rb7 26. Re8+ Kh7 27.
g3 Ng6 28. Ra8 Rd7 29. Rxa7 Rd1+ 30. Kg2 Rd2 31. b4 cxb4 32. cxb4 Ne5 33. Nxe5
Bxe5 34. Rxf7+ Bg7 35. a5 Kg6 36. Rf3 h5 37. Be8+ Kh6 38. a6 Ra2 39. b5 Bd4 40.
h4 Re2 41. hxg5+ Kxg5 42. Bd7 Bb6 43. Rf8 Rd2 44. Be8 Rd8 45. f4+ Kg4 46. Bxh5+
1-0

[Event "Madrid-ch 2017-2018 - Previa A"]
[Site "Madrid ESP"]
[Date "2018.02.12"]
[Round "4.17"]
[White "Osorio Ramos, Francisco"]
[Black "Marivela Santos, Juan Carlos"]
[Result "0-1"]
[WhiteElo "1821"]
[BlackElo "1686"]
[PlyCount "105"]
[EventDate "2018.02.05"]
[EventType "swiss"]
[EventRounds "9"]
[EventCountry "ESP"]
[SourceTitle "Ajedrez en Madrid"]
[Source "lmi"]
[SourceDate "2018.02.05"]

1. d4 Nf6 2. c4 e6 3. Nf3 b6 4. a3 Bb7 5. Nc3 Bxf3 6. exf3 Be7 7. g3 O-O 8. Bg2
d5 9. cxd5 exd5 10. O-O a5 11. Be3 c6 12. Rc1 Nbd7 13. Na4 b5 14. Nc5 Nxc5 15.
dxc5 Nd7 16. Re1 Bf6 17. Bd4 Re8 18. Rxe8+ Qxe8 19. Bxf6 Nxf6 20. Qd2 Qe7 21.
Bf1 Nd7 22. Qc3 Qf6 23. Qxf6 Nxf6 24. Re1 Re8 25. Rxe8+ Nxe8 26. Bh3 Nf6 27. g4
Nd7 28. b4 axb4 29. axb4 Kf8 30. Kf1 Nb8 31. Ke2 Na6 32. Kd2 Nxb4 33. g5 Na6
34. Bd7 Nb8 35. Bc8 Ke7 36. Kc3 Kd8 37. Bf5 h6 38. f4 Nd7 39. Kd4 f6 40. h4 Ke7
41. Bg4 Nf8 42. gxh6 gxh6 43. f5 Nd7 44. f4 Kd8 45. Bh5 Kc8 46. Be2 Nb8 47. Bd3
Kb7 48. Bc2 Ka6 49. Bd1 Ka5 50. Bh5 Kb4 51. Be8 Ka3 52. Kc3 Ka2 53. Kc2 0-1

[Event "Madrid-ch 2017-2018 - Previa A"]
[Site "Madrid ESP"]
[Date "2018.02.12"]
[Round "4.18"]
[White "Garcia Gonzalez, Pedro A"]
[Black "Martinez Miura, Enrique"]
[Result "1-0"]
[WhiteElo "1821"]
[BlackElo "1618"]
[PlyCount "107"]
[EventDate "2018.02.05"]
[EventType "swiss"]
[EventRounds "9"]
[EventCountry "ESP"]
[SourceTitle "Ajedrez en Madrid"]
[Source "lmi"]
[SourceDate "2018.02.05"]

1. d4 e6 2. Nf3 d5 3. b3 Nf6 4. e3 Be7 5. Bd3 O-O 6. Nbd2 Nbd7 7. Bb2 b6 8. O-O
Bb7 9. Qe2 c5 10. c4 Ne4 11. Rad1 Re8 12. Ne5 Nxd2 13. Rxd2 Nxe5 14. dxe5 Bf8
15. f4 g6 16. cxd5 exd5 17. Be4 Qe7 18. Bxd5 Bxd5 19. Rxd5 Red8 20. e4 Rxd5 21.
exd5 Rd8 22. Rd1 Qh4 23. g3 Qh3 24. d6 Qe6 25. Qf3 h5 26. Kg2 Kh7 27. h3 Bg7
28. g4 hxg4 29. hxg4 f5 30. gxf5 Qxf5 31. Qh3+ Kg8 32. Qxf5 gxf5 33. e6 Bxb2
34. e7 Bf6 35. exd8=Q+ Bxd8 36. Rd5 Kf7 37. Rxf5+ Ke6 38. Rf8 Bh4 39. Ra8 Kxd6
40. Rxa7 Bf6 41. Kf3 Kd5 42. Rd7+ Kc6 43. Rf7 Bd4 44. Ke4 Kb5 45. f5 Kb4 46.
Kd3 Ka3 47. Kc4 Kxa2 48. f6 b5+ 49. Kxb5 Kxb3 50. Rf8 c4 51. f7 c3 52. Rg8 c2
53. f8=Q c1=Q 54. Qb4+ 1-0

[Event "Madrid-ch 2017-2018 - Previa A"]
[Site "Madrid ESP"]
[Date "2018.02.12"]
[Round "4.19"]
[White "Moreno Uribarri, Miguel"]
[Black "Rueda Maria, Ramiro"]
[Result "0-1"]
[WhiteElo "1626"]
[BlackElo "1820"]
[PlyCount "98"]
[EventDate "2018.02.05"]
[EventType "swiss"]
[EventRounds "9"]
[EventCountry "ESP"]
[SourceTitle "Ajedrez en Madrid"]
[Source "lmi"]
[SourceDate "2018.02.05"]

1. e4 e5 2. Nf3 Nc6 3. d4 exd4 4. Nxd4 Bc5 5. Nb3 Bb6 6. Nc3 d6 7. Qe2 Be6 8.
Be3 Nf6 9. O-O-O Qe7 10. Bxb6 axb6 11. Nd5 Bxd5 12. exd5 Qxe2 13. Bxe2 Ne7 14.
Rhe1 Kd7 15. Bc4 Nf5 16. Bd3 Ne7 17. Bc4 Ng6 18. g3 Ne5 19. Bb5+ c6 20. dxc6+
bxc6 21. Rxe5 cxb5 22. Rxb5 Kc6 23. Nd4+ Kc7 24. a3 g6 25. Re1 Rhe8 26. Rxe8
Rxe8 27. f3 Re1+ 28. Kd2 Rh1 29. h4 Nh5 30. Ne2 Rh2 31. Ke3 Rh3 32. g4 Nf6 33.
Kf4 h6 34. h5 g5+ 35. Ke3 Nxg4+ 36. Ke4 Nf6+ 37. Ke3 Nxh5 38. Rf5 f6 39. Nd4 g4
40. Ne6+ Kd7 41. Nf8+ Ke7 42. Ng6+ Kf7 43. Rxh5 Rxh5 44. fxg4 Rg5 45. Nf4 Rxg4
46. Nd5 h5 47. Nxb6 h4 48. Nd5 h3 49. Kf3 Rg8 0-1

[Event "Madrid-ch 2017-2018 - Previa A"]
[Site "Madrid ESP"]
[Date "2018.02.12"]
[Round "4.21"]
[White "Perez Cameselle, Francisco Jose"]
[Black "Martinez Gallardo, Javier"]
[Result "1/2-1/2"]
[WhiteElo "1773"]
[BlackElo "1617"]
[PlyCount "104"]
[EventDate "2018.02.05"]
[EventType "swiss"]
[EventRounds "9"]
[EventCountry "ESP"]
[SourceTitle "Ajedrez en Madrid"]
[Source "lmi"]
[SourceDate "2018.02.05"]

1. e4 c5 2. Nf3 Nc6 3. d4 cxd4 4. Nxd4 Nf6 5. Nc3 d6 6. Be2 e6 7. Be3 Be7 8.
O-O O-O 9. f4 a6 10. Kh1 Nxd4 11. Bxd4 b5 12. a3 Bb7 13. Bf3 Qc7 14. Qd2 Rfd8
15. Qf2 Nd7 16. Rae1 Rac8 17. Re2 Nc5 18. f5 e5 19. Be3 f6 20. Rd1 Bc6 21. b4
Nd7 22. Nd5 Bxd5 23. Rxd5 Qb7 24. Red2 Rc6 25. R5d3 Rdc8 26. g4 Nb6 27. Bxb6
Qxb6 28. Qxb6 Rxb6 29. Kg2 Rbc6 30. Bd1 Rc3 31. Kf3 R8c4 32. Ke3 Kf8 33. Rxc3
Rxc3+ 34. Rd3 Rc6 35. c3 Bd8 36. Bb3 Bb6+ 37. Kd2 Ke7 38. Rh3 h6 39. a4 bxa4
40. Bxa4 Rc7 41. Rf3 Bg1 42. h3 Bh2 43. Kd3 Bf4 44. Rf1 Bg3 45. Ra1 Bf2 46. Bb3
Rxc3+ 47. Kxc3 Bd4+ 48. Kc4 Bxa1 49. Kd5 Bc3 50. Bc4 Bxb4 51. Bxa6 Be1 52. Bb5
Bf2 1/2-1/2

[Event "Madrid-ch 2017-2018 - Previa A"]
[Site "Madrid ESP"]
[Date "2018.02.12"]
[Round "4.22"]
[White "Mora Agudo, Jose"]
[Black "Valencia de Loma, Sergio"]
[Result "1/2-1/2"]
[WhiteElo "1480"]
[BlackElo "1775"]
[PlyCount "95"]
[EventDate "2018.02.05"]
[EventType "swiss"]
[EventRounds "9"]
[EventCountry "ESP"]
[SourceTitle "Ajedrez en Madrid"]
[Source "lmi"]
[SourceDate "2018.02.05"]

1. d4 Nf6 2. c4 e5 3. dxe5 Ng4 4. Nf3 Bc5 5. e3 Bb4+ 6. Bd2 Bxd2+ 7. Nbxd2 Nc6
8. Be2 Qe7 9. O-O O-O 10. h3 Ngxe5 11. Nxe5 Nxe5 12. Nf3 d6 13. Qc2 Re8 14.
Nxe5 Qxe5 15. b3 Qg5 16. Kh1 Re6 17. Bf3 Rh6 18. Qe4 Bxh3 19. Kg1 c6 20. Rfd1
Bf5 21. Qf4 Qxf4 22. exf4 Rd8 23. Re1 Re6 24. Re3 Rde8 25. Rae1 Rxe3 26. Rxe3
Rxe3 27. fxe3 Bb1 28. a3 Ba2 29. Bd1 a5 30. a4 Bb1 31. Kf2 Kf8 32. Kf3 f5 33.
g4 Be4+ 34. Kg3 Ke7 35. g5 Ke6 36. Kf2 b6 37. Ke2 h5 38. gxh6 gxh6 39. Kd2 d5
40. Kc3 c5 41. Bh5 Bg2 42. Kd3 dxc4+ 43. bxc4 Bc6 44. Bd1 Bg2 45. Ke2 Bh3 46.
Kf2 Bg4 47. Bxg4 fxg4 48. e4 1/2-1/2

[Event "Madrid-ch 2017-2018 - Previa A"]
[Site "Madrid ESP"]
[Date "2018.02.12"]
[Round "4.23"]
[White "Caravantes Camacho, Fernando"]
[Black "Hernandez Garcia, Carlos"]
[Result "0-1"]
[WhiteElo "1551"]
[BlackElo "1769"]
[PlyCount "58"]
[EventDate "2018.02.05"]
[EventType "swiss"]
[EventRounds "9"]
[EventCountry "ESP"]
[SourceTitle "Ajedrez en Madrid"]
[Source "lmi"]
[SourceDate "2018.02.05"]

1. e4 c5 2. Nf3 d6 3. d4 cxd4 4. Nxd4 Nf6 5. Nc3 a6 6. Be3 e6 7. f3 Be7 8. Qd2
Qc7 9. g4 Nc6 10. g5 Nd7 11. Be2 b5 12. f4 b4 13. Na4 O-O 14. Bf3 Nxd4 15. Bxd4
Qa5 16. b3 e5 17. Bb2 exf4 18. Qxf4 Bb7 19. h4 Rac8 20. Bg4 Bc6 21. Bxd7 Bxd7
22. Qd2 Rfe8 23. a3 d5 24. Qd4 bxa3+ 25. Bc3 Rxc3 26. Qxc3 Bb4 27. Qxb4 Qxb4+
28. Kf2 Rxe4 29. c3 Rf4+ 0-1

[Event "Madrid-ch 2017-2018 - Previa A"]
[Site "Madrid ESP"]
[Date "2018.02.12"]
[Round "4.24"]
[White "Enriquez Pastor, Jorge"]
[Black "Caamaño Jimenez, Luis"]
[Result "0-1"]
[WhiteElo "1468"]
[BlackElo "1746"]
[PlyCount "108"]
[EventDate "2018.02.05"]
[EventType "swiss"]
[EventRounds "9"]
[EventCountry "ESP"]
[SourceTitle "Ajedrez en Madrid"]
[Source "lmi"]
[SourceDate "2018.02.05"]

1. e4 g6 2. d4 Bg7 3. Nf3 d6 4. Bc4 Nf6 5. Nc3 c6 6. O-O b5 7. Bd3 O-O 8. h3
Bb7 9. a3 Nbd7 10. Re1 Nb6 11. Bf4 Qd7 12. Qd2 Rfe8 13. Bh6 Bh8 14. e5 Nfd5 15.
Nxd5 Nxd5 16. exd6 exd6 17. c3 a6 18. Nh2 c5 19. dxc5 dxc5 20. Be4 Qc6 21. Bxd5
Qxd5 22. Qxd5 Bxd5 23. Ng4 Be6 24. Nh2 Red8 25. Nf3 Bf6 26. Bg5 Kg7 27. Bxf6+
Kxf6 28. Rad1 h6 29. Rd2 Rxd2 30. Nxd2 Bd5 31. Nf1 Bc6 32. Ne3 h5 33. Rd1 Re8
34. Re1 Rd8 35. Rd1 Rxd1+ 36. Nxd1 Ke5 37. f3 a5 38. Kf2 b4 39. Ne3 Bb5 40.
axb4 cxb4 41. cxb4 axb4 42. g3 Kd4 43. Nc2+ Kc4 44. Ne3+ Kb3 45. Nd1 Kc2 46.
Ke1 Bc6 47. f4 Bf3 48. Ne3+ Kxb2 49. Nc4+ Kc3 50. Ne5 Bd5 51. Kd1 b3 52. Kc1
b2+ 53. Kb1 Be4+ 54. Nd3 Bxd3+ 0-1

[Event "Madrid-ch 2017-2018 - Previa A"]
[Site "Madrid ESP"]
[Date "2018.02.12"]
[Round "4.25"]
[White "Martinez Pintor, Juan"]
[Black "Dominguez Afonso, Ayraldo"]
[Result "0-1"]
[WhiteElo "1670"]
[BlackElo "1561"]
[PlyCount "32"]
[EventDate "2018.02.05"]
[EventType "swiss"]
[EventRounds "9"]
[EventCountry "ESP"]
[SourceTitle "Ajedrez en Madrid"]
[Source "lmi"]
[SourceDate "2018.02.05"]

1. d4 Nf6 2. c4 g6 3. Nc3 Bg7 4. e4 d6 5. h3 O-O 6. Be3 e5 7. d5 Nbd7 8. Nf3
Nc5 9. Qc2 a5 10. Be2 Nh5 11. g3 f5 12. exf5 Bxf5 13. Qd2 Ne4 14. Nxe4 Bxe4 15.
Bg5 Bf6 16. O-O Bxf3 0-1

[Event "Madrid-ch 2017-2018 - Previa A"]
[Site "Madrid ESP"]
[Date "2018.02.12"]
[Round "4.27"]
[White "Gonzalez Recas, Fernando"]
[Black "Alises Fontecha, Juan"]
[Result "1/2-1/2"]
[WhiteElo "1643"]
[BlackElo "1515"]
[PlyCount "140"]
[EventDate "2018.02.05"]
[EventType "swiss"]
[EventRounds "9"]
[EventCountry "ESP"]
[SourceTitle "Ajedrez en Madrid"]
[Source "lmi"]
[SourceDate "2018.02.05"]

1. e4 e6 2. d4 d5 3. e5 c5 4. c3 Nc6 5. Nf3 Qb6 6. a3 f6 7. Nbd2 cxd4 8. cxd4
Nxd4 9. b4 Nc6 10. Bb2 Be7 11. Nb3 Nxe5 12. Nxe5 fxe5 13. Qh5+ g6 14. Qxe5 Bf6
15. Qe2 Qd8 16. Rd1 Bxb2 17. Qxb2 Nf6 18. Bb5+ Kf7 19. O-O Bd7 20. Bxd7 Nxd7
21. Rfe1 Qf6 22. Qe2 Rae8 23. Qb5 Re7 24. Re3 Kg7 25. Qe2 Rhe8 26. Rf3 Qe5 27.
Re3 Qd6 28. Qd3 Nb6 29. Qd4+ e5 30. Qh4 Qf6 31. Qg4 Qf5 32. Qe2 d4 33. Nxd4 Qc8
34. Nb5 Qc4 35. Nd6 Qxe2 36. Nxe8+ Rxe8 37. Rxe2 Nc4 38. Rd7+ Kf6 39. Rxb7 Nxa3
40. Ra2 Rc8 41. g3 Rc1+ 42. Kg2 Nc4 43. Raxa7 Rc2 44. h4 Kf5 45. Rf7+ Ke4 46.
Rf3 Rb2 47. Rb7 Kd5 48. Rb5+ Kd4 49. Kh3 Nd6 50. Rb8 e4 51. Rf4 Ke5 52. Rb6 Re2
53. Rc6 Nf5 54. Rc5+ Ke6 55. b5 e3 56. fxe3 Rxe3 57. Rg4 Kd6 58. Rc2 Rb3 59. h5
gxh5 60. Rg5 Rxb5 61. Rxh5 Ke6 62. Rc3 Rb1 63. Kg4 Rb4+ 64. Kf3 Nd4+ 65. Ke3
Nf5+ 66. Kf3 Rb7 67. Rc6+ Kd7 68. Rc4 Ke6 69. Rc6+ Kd7 70. Rc4 Ke6 1/2-1/2

[Event "Madrid-ch 2017-2018 - Previa A"]
[Site "Madrid ESP"]
[Date "2018.02.12"]
[Round "4.28"]
[White "Rodriguez Bachiller, Luis"]
[Black "Navas Marin, Felix"]
[Result "1-0"]
[WhiteElo "1622"]
[BlackElo "1504"]
[PlyCount "77"]
[EventDate "2018.02.05"]
[EventType "swiss"]
[EventRounds "9"]
[EventCountry "ESP"]
[SourceTitle "Ajedrez en Madrid"]
[Source "lmi"]
[SourceDate "2018.02.05"]

1. e4 c6 2. d4 d5 3. Nc3 dxe4 4. Nxe4 Nd7 5. Nf3 Ngf6 6. Nxf6+ Nxf6 7. h3 e6 8.
Bc4 h6 9. Bf4 b5 10. Bb3 Bb7 11. O-O Be7 12. a4 Ba6 13. axb5 Bxb5 14. c4 Bxc4
15. Bxc4 O-O 16. Ne5 Qb6 17. b3 Rfd8 18. Be3 Qb7 19. Ra6 c5 20. Nc6 Rd7 21.
Nxe7+ Rxe7 22. dxc5 Nd5 23. Bxd5 exd5 24. Rd6 Rd7 25. Rxd7 Qxd7 26. Qd3 Qc6 27.
Ra1 Qb7 28. Ra6 Rb8 29. Rd6 Qb4 30. Rxd5 Qa5 31. Rd6 Qa1+ 32. Kh2 Qe5+ 33. g3
h5 34. Rd8+ Rxd8 35. Qxd8+ Kh7 36. Qd4 Qb8 37. b4 h4 38. Qxh4+ Kg8 39. Qf4 1-0

[Event "Madrid-ch 2017-2018 - Previa A"]
[Site "Madrid ESP"]
[Date "2018.02.12"]
[Round "4.29"]
[White "Bellagamba, Pascal"]
[Black "Diaz del Prado, Carlos"]
[Result "1-0"]
[WhiteElo "1605"]
[BlackElo "1302"]
[PlyCount "87"]
[EventDate "2018.02.05"]
[EventType "swiss"]
[EventRounds "9"]
[EventCountry "ESP"]
[SourceTitle "Ajedrez en Madrid"]
[Source "lmi"]
[SourceDate "2018.02.05"]

1. Nf3 d5 2. b3 Nf6 3. Bb2 e6 4. d3 Nbd7 5. Nbd2 c6 6. g3 Bd6 7. Bg2 O-O 8. O-O
Re8 9. e4 e5 10. Re1 d4 11. Nc4 Bc7 12. a4 b5 13. axb5 cxb5 14. Ncd2 a6 15. h3
Nc5 16. Bc1 Be6 17. Ba3 Ncd7 18. Nf1 h6 19. g4 Nf8 20. Ng3 Ng6 21. Bc1 Ba5 22.
Re2 Bc3 23. Rb1 Qc7 24. g5 hxg5 25. Nxg5 Bd7 26. Nf5 Rad8 27. Bf3 Bxf5 28. exf5
Nf4 29. Bxf4 exf4 30. Ne4 Qb6 31. b4 Re5 32. Nxc3 Rxf5 33. Ne4 Nxe4 34. Rxe4
Rg5+ 35. Kh2 Qf6 36. Qe2 Rg6 37. Re8+ Rxe8 38. Qxe8+ Kh7 39. Be4 f3 40. Bxg6+
Qxg6 41. Qe4 f5 42. Qh4+ Kg8 43. Qg3 Qf6 44. Qxf3 1-0

[Event "Madrid-ch 2017-2018 - Previa A"]
[Site "Madrid ESP"]
[Date "2018.02.12"]
[Round "4.31"]
[White "Osuna Osuna, Francisco"]
[Black "Perez Ramos, Miguel Angel"]
[Result "1-0"]
[WhiteElo "1566"]
[BlackElo "1164"]
[PlyCount "85"]
[EventDate "2018.02.05"]
[EventType "swiss"]
[EventRounds "9"]
[EventCountry "ESP"]
[SourceTitle "Ajedrez en Madrid"]
[Source "lmi"]
[SourceDate "2018.02.05"]

1. e4 e5 2. Nf3 d6 3. d4 Be7 4. dxe5 dxe5 5. Qxd8+ Bxd8 6. Nxe5 Nf6 7. Bc4 O-O
8. Nc3 c6 9. O-O Be6 10. Bxe6 fxe6 11. Bg5 Bc7 12. Bxf6 Rxf6 13. Ng4 Rf8 14.
Rad1 Na6 15. Rd7 Rfd8 16. Rfd1 Rac8 17. Re7 Rxd1+ 18. Nxd1 Rd8 19. Nde3 Bb6 20.
Rxb7 h5 21. Ne5 Bxe3 22. fxe3 Nc5 23. Rxa7 Nxe4 24. Nd3 Kh7 25. Kf1 Rd6 26. Ke2
c5 27. Ra4 Nf6 28. Rc4 Nd7 29. Nxc5 Ne5 30. Re4 Ng4 31. Rxe6 Rd8 32. a4 Rf8 33.
Ne4 Rc8 34. Kd3 Rb8 35. b3 Rd8+ 36. Ke2 Rc8 37. c3 Rb8 38. b4 h4 39. b5 Nxh2
40. b6 Ng4 41. a5 Nf6 42. Nxf6+ gxf6 43. a6 1-0

[Event "Madrid-ch 2017-2018 - Previa A"]
[Site "Madrid ESP"]
[Date "2018.02.12"]
[Round "4.33"]
[White "Santiago Garcia, Jorge"]
[Black "Ballesteros Cudero, Juan Carlos"]
[Result "0-1"]
[WhiteElo "1483"]
[BlackElo "1660"]
[PlyCount "158"]
[EventDate "2018.02.05"]
[EventType "swiss"]
[EventRounds "9"]
[EventCountry "ESP"]
[SourceTitle "Ajedrez en Madrid"]
[Source "lmi"]
[SourceDate "2018.02.05"]

1. e4 e6 2. Nf3 d5 3. exd5 exd5 4. d4 Bd6 5. Nc3 c6 6. g3 Bg4 7. Bg2 Nf6 8. O-O
O-O 9. Re1 h6 10. Bd2 Nh7 11. Qc1 Bxf3 12. Bxf3 Qf6 13. Bg2 Qxd4 14. Be3 Qf6
15. Qd2 Be5 16. Nd1 d4 17. Bf4 Bxf4 18. gxf4 Na6 19. b3 Rfe8 20. Nb2 Nf8 21.
Nd3 Ng6 22. Kh1 Rad8 23. Rg1 Nc7 24. Bh3 Nd5 25. f5 Nh4 26. Rg3 Kh7 27. Rag1
Rg8 28. Nc5 Nc3 29. Qd3 b6 30. Ne4 Nxe4 31. Qxe4 Rde8 32. Qf4 c5 33. Rg4 Nxf5
34. Bg2 Qe5 35. Qf3 Kh8 36. Qb7 Re7 37. Qf3 Nd6 38. Bf1 f5 39. Rh4 Qf6 40. Rh5
b5 41. Bd3 Rf7 42. Qd5 Rc8 43. Rh3 c4 44. bxc4 bxc4 45. Be2 Rfc7 46. Bh5 Rc5
47. Qf3 Ne4 48. Rg6 Qe5 49. Qg2 Ng5 50. Rg3 Qe1+ 51. Qg1 Qxg1+ 52. Kxg1 R8c6
53. h4 Rxg6 54. Bxg6 f4 55. Ra3 a5 56. hxg5 Rxg5+ 57. Kh2 Rxg6 58. Rxa5 Rd6 59.
Ra8+ Kh7 60. Re8 d3 61. cxd3 cxd3 62. Re1 d2 63. Rd1 Kg6 64. a4 Kf5 65. a5 g5
66. a6 Rxa6 67. Rxd2 Kg4 68. Kg2 Ra3 69. Rd1 h5 70. Rf1 f3+ 71. Kh2 Ra2 72.
Rg1+ Kf4 73. Rf1 g4 74. Kg1 h4 75. Kh1 g3 76. fxg3+ hxg3 77. Kg1 Rh2 78. Ra1
f2+ 79. Kf1 Rh1+ 0-1

[Event "Madrid-ch 2017-2018 - Previa A"]
[Site "Madrid ESP"]
[Date "2018.02.12"]
[Round "4.34"]
[White "Martinez Carrasco, Jesus"]
[Black "Martin Garcia, Francisco Javier"]
[Result "0-1"]
[WhiteElo "1620"]
[BlackElo "1461"]
[PlyCount "43"]
[EventDate "2018.02.05"]
[EventType "swiss"]
[EventRounds "9"]
[EventCountry "ESP"]
[SourceTitle "Ajedrez en Madrid"]
[Source "lmi"]
[SourceDate "2018.02.05"]

1. d4 Nf6 2. c4 g6 3. Nc3 d5 4. e3 Bg7 5. Nf3 O-O 6. Be2 c5 7. cxd5 Nxd5 8. O-O
cxd4 9. Nxd5 Qxd5 10. Nxd4 e5 11. Nb5 Qxd1 12. Rxd1 Na6 13. e4 Be6 14. Be3 Nb4
15. Bc5 Nc2 16. Rac1 Nd4 17. Nc7 Nxe2+ 18. Kf1 Nxc1 19. Rxc1 Rac8 20. Bxf8 Bxf8
21. Rc3 Bb4 22. Nxe6 0-1

[Event "Madrid-ch 2017-2018 - Previa A"]
[Site "Madrid ESP"]
[Date "2018.02.12"]
[Round "4.35"]
[White "Beekhof Harmsen, Willen"]
[Black "Rufo Yebra, Benito"]
[Result "1/2-1/2"]
[WhiteElo "1514"]
[BlackElo "1409"]
[PlyCount "66"]
[EventDate "2018.02.05"]
[EventType "swiss"]
[EventRounds "9"]
[EventCountry "ESP"]
[SourceTitle "Ajedrez en Madrid"]
[Source "lmi"]
[SourceDate "2018.02.05"]

1. d4 d5 2. Nf3 e6 3. c4 Bb4+ 4. Bd2 Bxd2+ 5. Nbxd2 Ne7 6. e3 c6 7. Bd3 Nd7 8.
Qc2 Nf6 9. c5 Ng6 10. b4 b5 11. a4 bxa4 12. Rxa4 a5 13. O-O Ba6 14. Bxa6 Rxa6
15. Rfa1 O-O 16. Nb3 Ne4 17. Nxa5 Ng5 18. Ne1 Nh4 19. f4 Ne4 20. Nb7 Rxa4 21.
Qxa4 Qf6 22. Nd6 Nc3 23. Qxc6 Ne2+ 24. Kh1 h6 25. Ra8 Rxa8 26. Qxa8+ Kh7 27. c6
Nxf4 28. Qa2 Nfxg2 29. Qc2+ g6 30. Qe2 Nxe1 31. c7 Nd3 32. c8=Q Nf2+ 33. Kg1
Nh3+ 1/2-1/2

[Event "Madrid-ch 2017-2018 - Previa A"]
[Site "Madrid ESP"]
[Date "2018.02.12"]
[Round "4.36"]
[White "Fernandez Sanchez, Jose M"]
[Black "Ojosnegros Martin, Angel"]
[Result "0-1"]
[WhiteElo "1144"]
[BlackElo "1490"]
[PlyCount "90"]
[EventDate "2018.02.05"]
[EventType "swiss"]
[EventRounds "9"]
[EventCountry "ESP"]
[SourceTitle "Ajedrez en Madrid"]
[Source "lmi"]
[SourceDate "2018.02.05"]

1. Nf3 Nf6 2. d4 e6 3. g3 d5 4. Bg2 Nbd7 5. b3 Be7 6. Nc3 b6 7. O-O O-O 8. Bb2
a5 9. a4 Ba6 10. Re1 Rb8 11. e4 Bb4 12. Bf1 Bxf1 13. Kxf1 dxe4 14. Ne5 Nxe5 15.
dxe5 Nd5 16. Qd4 Nxc3 17. Bxc3 Qxd4 18. Bxd4 Bxe1 19. Rxe1 c5 20. Bb2 Rfd8 21.
Rxe4 Rd2 22. Bc1 Rxc2 23. Bg5 Rb7 24. Re3 Rd7 25. Rf3 h6 26. Bf4 g5 27. Be3 Rd5
28. Kg2 Rxe5 29. Rf6 Rxe3 30. Rxh6 g4 31. Rh4 f5 32. Rh6 Rf3 33. Kf1 Rcxf2+ 34.
Ke1 Rb2 35. Rxe6 Rb1+ 36. Ke2 Rff1 37. Rxb6 Rbe1+ 38. Kd3 Re4 39. Rb5 Rf3+ 40.
Kc2 Re2+ 41. Kd1 Rxh2 42. Ke1 Rxg3 43. Kf1 f4 44. Rxc5 f3 45. Rxa5 Rgg2 0-1

[Event "Madrid-ch 2017-2018 - Previa A"]
[Site "Madrid ESP"]
[Date "2018.02.13"]
[Round "5.1"]
[White "Camarero Izquierdo, Juan Carlos"]
[Black "Marcos Herrero, Francisco"]
[Result "1-0"]
[WhiteElo "1915"]
[BlackElo "1914"]
[PlyCount "68"]
[EventDate "2018.02.05"]
[EventType "swiss"]
[EventRounds "9"]
[EventCountry "ESP"]
[SourceTitle "Ajedrez en Madrid"]
[Source "lmi"]
[SourceDate "2018.02.05"]

1. d4 Nf6 2. Nc3 d5 3. Bg5 c5 4. f3 cxd4 5. Bxf6 exf6 6. Qxd4 Be6 7. O-O-O Nc6
8. Qa4 Bc5 9. e4 Be3+ 10. Kb1 d4 11. Qb5 O-O 12. Nd5 Qd6 13. Nxe3 a6 14. Qh5 g6
15. Qh4 b5 16. Ng4 Nb4 17. Nxf6+ Kg7 18. Nd5 Rfc8 19. Qf6+ Kg8 20. Rxd4 Nxd5
21. exd5 Qc5 22. Bd3 Bxd5 23. Ne2 Rc6 24. Qh4 Re8 25. Nc3 Be6 26. Rd1 Rb6 27.
Be4 Rbb8 28. a3 a5 29. Bd5 Bf5 30. g4 Bxc2+ 31. Kxc2 b4 32. Bxf7+ Kxf7 33.
Qxh7+ Kf6 34. g5+ Kf5 1-0

[Event "Madrid-ch 2017-2018 - Previa A"]
[Site "Madrid ESP"]
[Date "2018.02.13"]
[Round "5.2"]
[White "Esteban Amo, Jose M"]
[Black "Fernandez Garcia, Ignacio"]
[Result "1-0"]
[WhiteElo "1847"]
[BlackElo "1851"]
[PlyCount "85"]
[EventDate "2018.02.05"]
[EventType "swiss"]
[EventRounds "9"]
[EventCountry "ESP"]
[SourceTitle "Ajedrez en Madrid"]
[Source "lmi"]
[SourceDate "2018.02.05"]

1. e4 b6 2. d4 c5 3. d5 d6 4. Bb5+ Bd7 5. Bxd7+ Nxd7 6. c4 g6 7. Nf3 Bg7 8. O-O
Ngf6 9. Nc3 O-O 10. h3 a6 11. Qe2 Ne8 12. Bf4 Qb8 13. Rfe1 f6 14. a4 Nc7 15.
Qd2 Re8 16. Bh6 Bh8 17. h4 b5 18. axb5 axb5 19. Rxa8 Qxa8 20. cxb5 Qa5 21. Qd3
Rb8 22. e5 Nxe5 23. Nxe5 fxe5 24. h5 Bg7 25. Bg5 Kf7 26. Re3 Qa1+ 27. Kh2 Qxb2
28. Rf3+ Bf6 29. Bxf6 exf6 30. Ne4 Ne8 31. hxg6+ Kg7 32. gxh7 Kh8 33. Rg3 f5
34. Ng5 Qxf2 35. Nf3 Ng7 36. Qa3 Nh5 37. Rg5 Nf6 38. Qa7 Ng4+ 39. Rxg4 fxg4 40.
Qxb8+ Kxh7 41. Qc7+ Kg8 42. Qc8+ Kf7 43. Qxg4 1-0

[Event "Madrid-ch 2017-2018 - Previa A"]
[Site "Madrid ESP"]
[Date "2018.02.13"]
[Round "5.3"]
[White "Vazquez Gonzalez, Jesus"]
[Black "De Luna Butz, Alberto"]
[Result "1-0"]
[WhiteElo "1985"]
[BlackElo "1799"]
[PlyCount "59"]
[EventDate "2018.02.05"]
[EventType "swiss"]
[EventRounds "9"]
[EventCountry "ESP"]
[SourceTitle "Ajedrez en Madrid"]
[Source "lmi"]
[SourceDate "2018.02.05"]

1. c4 e5 2. g3 g6 3. Bg2 Bg7 4. Nc3 Ne7 5. e4 O-O 6. Nge2 d6 7. O-O Nbc6 8. d3
Be6 9. h3 f5 10. f4 Qd7 11. Kh2 Nd4 12. Rb1 c6 13. Be3 fxe4 14. Nxe4 Nef5 15.
Bd2 Nxe2 16. Qxe2 Nd4 17. Qd1 Kh8 18. b4 Rac8 19. a4 c5 20. bxc5 dxc5 21. a5
Qc7 22. Ng5 b6 23. Nxe6 Nxe6 24. Qg4 Nd4 25. axb6 axb6 26. Be4 Rf7 27. Rxb6
Rcf8 28. Rb7 Qd6 29. Rxf7 Rxf7 30. fxe5 1-0

[Event "Madrid-ch 2017-2018 - Previa A"]
[Site "Madrid ESP"]
[Date "2018.02.13"]
[Round "5.4"]
[White "Narvaez Parra, Vicente"]
[Black "Alvarez Abejon, Amilcar"]
[Result "1-0"]
[WhiteElo "1809"]
[BlackElo "1958"]
[PlyCount "59"]
[EventDate "2018.02.05"]
[EventType "swiss"]
[EventRounds "9"]
[EventCountry "ESP"]
[SourceTitle "Ajedrez en Madrid"]
[Source "lmi"]
[SourceDate "2018.02.05"]

1. d4 e6 2. c4 f5 3. Nf3 Nf6 4. e3 d5 5. Nbd2 c6 6. Bd3 Bd6 7. Ne5 Bxe5 8. dxe5
Ng4 9. Nf3 Nd7 10. cxd5 cxd5 11. Qa4 O-O 12. Qd4 Qc7 13. Bd2 Ngxe5 14. Nxe5
Nxe5 15. Be2 Nc6 16. Rc1 Bd7 17. Bb4 Rfc8 18. Qd2 Qb6 19. Bc3 Qd8 20. O-O Qe7
21. f4 a6 22. Rf3 Qd6 23. Rg3 d4 24. Rd1 g6 25. Qc1 Qc5 26. Bd2 Qxc1 27. Rxc1
dxe3 28. Bxe3 Nd4 29. Rxc8+ Rxc8 30. Bxd4 1-0